| 000 | 05924cam a22018854i 4500 | ||
|---|---|---|---|
| 003 | PE-LiUPU | ||
| 005 | 20250813165950.0 | ||
| 008 | 150706s2013 mx a r 000 0 spa d | ||
| 020 | _a9786071509314 | ||
| 035 | _a(Sirsi) i9786071509314 | ||
| 040 |
_aPE-LiUPU _bspa _cPE-LiUPU _erda |
||
| 049 | _aPRUA | ||
| 082 | 0 | 4 |
_a658.4 _bK74 2013 _221 |
| 100 | 1 |
_aKoontz, Harold, _d1908-1984, _eautor. |
|
| 245 | 1 | 0 |
_aElementos de administración : _bun enfoque internacional de innovación / _cHarold Koontz, Heinz Weihrich ; revisión técnica Gil Armando Sánchez Soto. [et al.] ; [traducción Jaime Gómez Mont y Javier Dávila Martínez]. |
| 250 | _a8a ed. | ||
| 264 | 1 |
_aMéxico : _bMcGraw-Hill Interamericana, _c2013. |
|
| 300 |
_axx, 457 páginas : _bilustraciones ; _c27 centímetros. |
||
| 336 |
_atext _2rdacontent |
||
| 337 |
_aunmediated _2rdamedia |
||
| 338 |
_avolume _2rdacarrier |
||
| 505 | 0 | _aEl fundamento de la teoría y la práctica de la administración global -- Administración: ciencia, teoría y práctica -- Administración y sociedad: ambiente externo, responsabilidad social y ética -- Administración global, comparada y de la calidad -- Planeación -- Fundamentos de la planeación y de la administración por objetivos -- Estrategias, políticas y premisas de la planeación -- Toma de decisiones -- Organización -- Naturaleza de la organización, espíritu emprendedor y reingeniería -- Estructura de la organización: departamentalización -- Autoridad de línea, personal de staff, delegación del poder de decisión (empowerment) y descentralización -- Organización efectiva y cultura organizacional -- Integración de personal -- Administración y selección de recursos humanos -- Evaluación del desempeño y plan de carrera -- Administración del cambio a través del desarrollo de los administradores y de la organización -- Dirección -- Factores humanos y motivación -- Liderazgo -- Comités, equipos y toma grupal de decisiones -- Comunicación -- Control -- El sistema y el proceso del control -- Técnicas de control y tecnologías de la información -- Productividad, administración de operaciones y administración de la calidad total. | |
| 526 | _aP203 | ||
| 526 | _aP200 | ||
| 526 | _aSEG65 | ||
| 526 | _aSEG64 | ||
| 526 | _aSEG63 | ||
| 526 | _aSEG62 | ||
| 526 | _aSEG61 | ||
| 526 | _aSEG60 | ||
| 526 | _aSEG59 | ||
| 526 | _aSEG58 | ||
| 526 | _aSEG57 | ||
| 526 | _aSEG56 | ||
| 526 | _aSEG55 | ||
| 526 | _aSEG54 | ||
| 526 | _aSEG53 | ||
| 526 | _aSEG52 | ||
| 526 | _aSEG51 | ||
| 526 | _aSEG50 | ||
| 526 | _aSEG49 | ||
| 526 | _aSEG48 | ||
| 526 | _aSEG47 | ||
| 526 | _aSEG46 | ||
| 526 | _aSEG24 | ||
| 526 | _aSEG23 | ||
| 526 | _aSEG22 | ||
| 526 | _aSEG21 | ||
| 526 | _aSEG20 | ||
| 526 | _aSEG19 | ||
| 526 | _aSEG18 | ||
| 526 | _aSEG17 | ||
| 526 | _aSEG16 | ||
| 526 | _aSEG14 | ||
| 526 | _aSEG13 | ||
| 526 | _aSEG12 | ||
| 526 | _aSEG11 | ||
| 526 | _aSEG10 | ||
| 526 | _aSEG09 | ||
| 526 | _aSEG06 | ||
| 526 | _aSEG05 | ||
| 526 | _aSEG04 | ||
| 526 | _aSEG03 | ||
| 526 | _aSEG02 | ||
| 526 | _aSEG68 | ||
| 526 | _aSEG66 | ||
| 526 | _aSEG45 | ||
| 526 | _aSEG25 | ||
| 526 | _aSEG01 | ||
| 526 | _aP163 | ||
| 526 | _aP162 | ||
| 526 | _aP161 | ||
| 526 | _aP160 | ||
| 526 | _aP159 | ||
| 526 | _aP158 | ||
| 526 | _aP157 | ||
| 526 | _aP156 | ||
| 526 | _aP155 | ||
| 526 | _aP154 | ||
| 526 | _aP153 | ||
| 526 | _aP152 | ||
| 526 | _aP151 | ||
| 526 | _aP150 | ||
| 526 | _aP149 | ||
| 526 | _aP142 | ||
| 526 | _aP141 | ||
| 526 | _aP140 | ||
| 526 | _aP139 | ||
| 526 | _aP138 | ||
| 526 | _aP137 | ||
| 526 | _aP132 | ||
| 526 | _aP131 | ||
| 526 | _aP130 | ||
| 526 | _aP126 | ||
| 526 | _aP125 | ||
| 526 | _aP124 | ||
| 526 | _aP123 | ||
| 526 | _aP115 | ||
| 526 | _aP122 | ||
| 526 | _aP121 | ||
| 526 | _aP116 | ||
| 526 | _a P114 | ||
| 526 | _aP112 | ||
| 526 | _aP111 | ||
| 526 | _aP104 | ||
| 526 | _aP103 | ||
| 526 | _aP102 | ||
| 526 | _aP101 | ||
| 526 | _aP100 | ||
| 526 | _aP96 | ||
| 526 | _aP95 | ||
| 526 | _aP93 | ||
| 526 | _aP92 | ||
| 526 | _aP91 | ||
| 526 | _aP88 | ||
| 526 | _aP83 | ||
| 526 | _aP82 | ||
| 526 | _aP79 | ||
| 526 | _aP78 | ||
| 526 | _aP75 | ||
| 526 | _aP74 | ||
| 526 | _aP71 | ||
| 526 | _aP69 | ||
| 526 | _a P51 | ||
| 526 | _aP49 | ||
| 526 | _aP48 | ||
| 526 | _aP47 | ||
| 526 | _aP33 | ||
| 526 | _aP31 | ||
| 526 | _a P30 | ||
| 526 | _aP29 | ||
| 526 | _aP27 | ||
| 526 | _aP26 | ||
| 526 | _aP25 | ||
| 526 | _aP24 | ||
| 526 | _a P22 | ||
| 526 | _aP10 | ||
| 526 | _aP09 | ||
| 526 | _a P08 | ||
| 526 | _aP06 | ||
| 526 | _aP05 | ||
| 526 | _aP04 | ||
| 526 | _aP01 | ||
| 541 | _g001-000107; | ||
| 650 | 0 | 4 | _aGestión industrial. |
| 650 | 0 | 4 | _aAdministración de empresas. |
| 700 | 1 |
_aWeihrich, Heinz, _eautor. |
|
| 700 | 1 |
_aSánchez Soto, Gil Armando, _erev. tec. |
|
| 700 | 1 |
_aGómez Mont, Jaime, _etr. |
|
| 910 |
_agl _cjck _d20131114 |
||
| 910 |
_btqv _crm _d20160711 |
||
| 942 |
_2ddc _cBOOK |
||
| 949 |
_a658.4 K74 2013 _wDEWEY _c1 _i69089 _lCCODEBUL1 _mBUL _p38.00 _r0 _sY _tBOOK _u2015-7-6 _xFCE _PP08 _o.STAFF. Colección General |
||
| 949 |
_a658.4 K74 2013 _wDEWEY _c1 _iFJ00765 _lCCODEBUJ1 _mBUJ _p26.00 _r0 _sY _tBOOK _u2016-7-11 _xFCE _PP04 _o.STAFF. Colección General |
||
| 994 |
_aC0 _bPEPRU |
||
| 596 | _a1 3 | ||
| 999 |
_a658.4 K74 2013 _wDEWEY _c56170 _i69089 _d56170 _e2019-10-14 _f2021-11-8 _g6 _lCCODEBUL1 _mBUL _n7 _p38.00 _q9 _r0 _sY _tBOOK _u2015-7-6 _xFCE _PP08 _0COMPRA _o.STAFF. Colección General |
||
| 999 |
_a658.4 K74 2013 _wDEWEY _c1 _iFJ00765 _d2019-6-3 _e2018-9-5 _f2022-1-31 _g4 _lCCODEBUJ1 _mBUJ _n3 _p26.00 _q11 _r0 _sY _tBOOK _u2016-7-11 _xFCE _PP04 _0COMPRA _o.STAFF. Colección General Juliaca |
||
| 980 |
_81 _gALBERTO SANCHEZ Responsable de Automatización |
||